| 000 -ლიდერი |
| ფიქსირებული სიგრძის საკონტროლო ველი |
00819nam a2200193 4500 |
| 003 - საკონტროლო ნომრის იდენტიფიკატორი |
| საკონტროლო ველი |
Ge_BSU |
| 005 - ბოლო ოპერაციის თარიღი და დრო |
| საკონტროლო ველი |
20260120205501.0 |
| 008 - ფიქსირებული სიგრძის მონაცემთა ელემენტები - ზოგადი ინფორმაცია |
| ფიქსირებული სიგრძის საკონტროლო ველი |
260120s1959 ge ||||| |||| 00| 0 geo d |
| 041 ## - ენის კოდი |
| Language code of text/sound track or separate title |
geo |
| 080 ## - უნივერსალური ათობითი კლასიფიკაციის ინდექსი |
| Universal Decimal Classification number |
330.1 მ-54 |
| 100 ## - მთავარი ჩანაწერი - პიროვნების სახელი |
| Personal name |
მელქაძე, ვ. |
| 9 (RLIN) |
26708 |
| 245 ## - ცნობა სათაურის შესახებ |
| Title |
პოლიტიკური ეკონომიის შესავალი / |
| Statement of responsibility, etc |
ვ. მელქაძე, ნ. ხურციძე. |
| 264 ## - წარმოების, გამოცემის, დისტრიბუციის და სხვა ცნობები |
| გამოცემის, წარმოების, დისტრიბუციის... ადგილი |
თბილისი : |
| გამოცემის, წარმოების, დისტრიბუციის... სახელწოდება |
საბჭ. საქართველო, |
| გამოცემის, წარმოების, დისტრიბუციის... თარიღი |
1959. |
| 300 ## - ფიზიკური აღწერა |
| Extent |
221 გვ. ; |
| Other physical details |
21 სმ. |
| 504 ## - BIBLIOGRAPHY, ETC. NOTE |
| Bibliography, etc |
ბიბლიოგრ. შენიშვნებში. |
| 653 ## - INDEX TERM--UNCONTROLLED |
| Uncontrolled term |
პოლიტიკური ეკონომია |
| 700 ## - ADDED ENTRY--PERSONAL NAME |
| Personal name |
ხურციძე, ნიჟა |
| Relator term |
ავტორი |
| 9 (RLIN) |
25585 |
| 942 ## - ADDED ENTRY ELEMENTS (KOHA) |
| Source of classification or shelving scheme |
|
| Koha item type |
წიგნი |